La batalla del Río de la Plata
Guardat en:
| Autor principal: | |
|---|---|
| Format: | Llibre |
| Idioma: | espanyol |
| Publicat: |
Ciudad de México, México
Constancia
1961
|
| Edició: | Tercera edición |
| Matèries: | |
| Etiquetes: |
Afegir etiqueta
Sense etiquetes, Sigues el primer a etiquetar aquest registre!
|
MARC
| LEADER | 00000nam a2200000 a 4500 | ||
|---|---|---|---|
| 001 | UCO0342 | ||
| 003 | CL-VaPUC | ||
| 005 | 20230526074335.0 | ||
| 008 | 000420e19610000MX |||||||||||||||||spa|d | ||
| 999 | |c 287053 |d 287051 | ||
| 040 | |c Pontificia Universidad Católica de Valparaíso | ||
| 082 | 0 | 4 | |a 940.5429 POP 1961 |2 21 |
| 100 | 0 | |a Pope, Dudley |e author |9 441546 | |
| 245 | 1 | 3 | |a La batalla del Río de la Plata |
| 250 | |a Tercera edición | ||
| 260 | |a Ciudad de México, México |b Constancia |c 1961 | ||
| 300 | |a 257 páginas | ||
| 583 | |a last modification |c 20000420 00:00:00 |k Rodrigo Vera | ||
| 650 | 0 | |a Historia de Europa |9 392003 | |
| 650 | 0 | |a Historia contemporánea |9 343224 | |
| 650 | 0 | |a Segunda Guerra Mundial |9 325982 | |
| 650 | 7 | |a BATALLAS NAVALES |2 CL-VaPUC |9 441547 | |
| 651 | 0 | |a Río de La Plata |9 357809 | |
| 942 | |c BK |2 ddc | ||
| 945 | |d 20000420 00:00:00 |a rherrera | ||
| 952 | |0 0 |1 0 |2 ddc |4 0 |6 940_542900000000000_POP_1961 |7 0 |8 A |9 333449 |a BIBHIS |b BIBHIS |d 2019-11-20 |i 1264966 |o 940.5429 POP 1961 |p 1264966 |r 2025-01-20 |t 1 |w 2019-11-20 |y BK |k HIS | ||